000 00556nam a22002057a 4500
003 OSt
008 251101b |||||||| |||| 00| 0 eng d
020 _a8185167109
082 _a330.015195
_bA17A
100 _aAcharya-Madnani
245 _aApplied Econometrics for Agricultural Economists /
_cby Acharya-Madnani
260 _a, Udaipur
_b: Himanshu Publications
_c, 1988
300 _aviii,250p.
650 _aSocial Sciences
650 _aEconomics
650 _aEconometrics
650 _aAgriculture
650 _aEconomists
942 _2ddc
_cDB
999 _c49157
_d49157